000 00451nam a2200193Ia 4500
005 20240823012641.0
008 240823s9999||||xx |||||||||||||| ||und||
020 _a0-385-09741-7
041 _aENGLISH
082 _A813.54 L5
100 _a"Waugh,Hillary"
245 2 _aA bride for Hampton House
250 _a1st
260 _c1975
_b"Doubleday,New"
_aNew York
500 _aYES
650 _aNovel
_bEnglish
942 _cBK
999 _c165007
_d165007